Aristotle's Poetics / (رقم التسجيلة. 31558)

تفاصيل مارك
000 -الفاتح
حقل البيانات ثابتة الطول 01000cam a2200325 a 4500
001 - رقم الضبط
رقم الضبط 2681005
003 - محدد رقم الضبط
رقم الضبط OSt
005 - وقت وتاريخ اخر تعامل مع التسجيلة
رقم الضبط 20150408114145.0
008 - عناصر البيانات ثابتة الطول - معلومات عامة
حقل البيانات ثابتة الطول 950106s1961 nyu b 000 0 eng d
020 ## - الرقم الدولى المعيارى للكتب
الرقم الدولى المعيارى للكتاب 0809005271 (pbk.)
035 ## - رقم ضبط النظام
رقم ضبط النظام (OCoLC)43440819
035 ## - رقم ضبط النظام
رقم ضبط النظام (OCoLC)ocm43440819
035 ## - رقم ضبط النظام
رقم ضبط النظام (NNC)2681005
040 ## - مصدر الفهرسة
وكالة الفهرسة الأصلية CSt
وكالة النسخ CSt
وكالة التعديل NNU
082 ## - رقم تصنيف ديوى العشرى
رقم الطبعة 22
رقم التصنيف 808.2
رقم المادة ARP
100 0# - المدخل الرئيسى - إسم شخصى
الإسم الشخصى Aristotle.
9 (RLIN) 38545
240 00 - العنوان الموحد
عنوان موحد <a href="Poetics.">Poetics.</a>
لغة العمل English
245 10 - بيان العنوان
العنوان Aristotle's Poetics /
بيان المسئوليه,etc translated by S.H. Butcher ; introduction by Francis Fergusson.
260 ## - PUBLICATION, DISTRIBUTION, ETC. (IMPRINT)
مكان الناشر او الموزع New York :
اسم الناشر او الموزع Hill and Wang,
تاريخ النشر أو التوزيع 1961.
300 ## - الوصف المادى
التعداد 118 p. ;
أبعاد الوعاء 19 cm.
504 ## - تبصرة ببليوجرافية
تبصرة ببليوجرافية,الخ Bibliography: p. 41-44.
600 00 - المدخل الاضافى بالموضوع-اسم شخصى
الإسم الشخصى Aristotle.
عنوان العمل Poetics.
9 (RLIN) 38546
650 #0 - المدخل الاضافى بالموضوع-مصطلح موضوعى
مصطلح موضوعي أو اسم جغرافي كعنصر مدخل Poetry
التقسيم الفرعي الشكلي Early works to 1800.
650 #0 - المدخل الاضافى بالموضوع-مصطلح موضوعى
مصطلح موضوعي أو اسم جغرافي كعنصر مدخل Aesthetics
التقسيم الفرعي الشكلي Early works to 1800.
9 (RLIN) 38547
700 1# - المدخل الاضافى - اسم شخصى
الإسم الشخصى Butcher, S. H.
الشكل الأكمل للاسم (Samuel Henry),
التواريخ المصاحبة للاسم 1850-1910.
9 (RLIN) 38548
700 1# - المدخل الاضافى - اسم شخصى
الإسم الشخصى Fergusson, Francis.
9 (RLIN) 38549
942 ## - عناصر المدخل الإضافي( كوها)
مصدر التصنيف او مخطط الترفيف Dewey Decimal Classification
Koha [default] item type كتاب
948 2# - معلومات معالجة محلية جزء السلاسل(OCLC); DESIGNATOR (RLIN)
Series part designator, SPT (RLIN) 20060505
b (OCLC) a
c (OCLC) ks26
d (OCLC) MPS
المقتنيات
حالة الفقد نموذج السعر الفعال حالة تلف ليس للاعارة رقم الطلب تاريخ الاكتساب الموقع الحالي الباركود الفرع الرئيسي Date last seen نوع المادة فى نظام كوها مصدر التصنيف او خطة الترفيف Total Checkouts Date last checked out
  2013-10-29     808.2 ARP 2013-10-29 المكتبة المركزية بالمجمعة (CL) 00402540 المكتبة المركزية بالمجمعة (CL) 2013-10-29 كتاب Dewey Decimal Classification    
  2013-10-29     808.2 ARP 2013-10-29 المكتبة المركزية بالمجمعة (CL) 00402541 المكتبة المركزية بالمجمعة (CL) 2013-10-29 كتاب Dewey Decimal Classification    
  2013-10-29     808.2 ARP 2013-10-29 المكتبة المركزية بالمجمعة (CL) 00402542 المكتبة المركزية بالمجمعة (CL) 2013-10-29 كتاب Dewey Decimal Classification    
  2013-10-29     808.2 ARP 2013-10-29 مكتبة كلية التربية بالزلفى - طالبات (EZF) 00402543 مكتبة مجمع الكليات بالزلفى - طلاب (SZM) 2015-11-11 كتاب Dewey Decimal Classification 1 2015-08-31
  2013-10-29     808.2 ARP 2013-10-29 مكتبة مجمع الكليات بالزلفى - طلاب (SZM) 00402544 مكتبة مجمع الكليات بالزلفى - طلاب (SZM) 2013-10-29 كتاب Dewey Decimal Classification